000 00672nam a2200241Ia 4500
003 OSt
005 20221005033820.0
006 a|||||r|||| 00| 0
007 ta
008 221004b |||||||| |||| 00| 0 eng d
024 _a118988
037 _cTextual
040 _aCRL
_cCRL
_beng
041 _2eng
_aeng
082 _aLZ3.2, [Q2]
100 _aA. Banerji Ed.
_9586394
245 0 _aMedicines scenario in India
_b Perceptions and perspectives
260 _aDelhi
_bDelhi Society for Promotion of Rational Use of
_c2012
300 _a60p.
_ccm.
650 _aMEDICINE
942 _hLZ3.2, [Q2]
_cTEXL
_2cc
999 _c942128
_d942128